LEADER 00726nam a2200169 i 4500 001 000000232055 003 CaOOAMICUS 005 20140818000000.0 008 140818s1831 it u000 u ita u 013 $a210958 040 $aSeMil$bita 245 10$aDissertazioni. Vol. 2. 300 $a794 p. 773 0 $tSacra Bibbia di Vence.$bGiusta la quinta edizione del signor Drach con atlante e carte iconografiche corredata di nuove illustrazioni ... per cura del prof. Bartolomeo Catena.$dMilano : Presso Ant. Fort. Stella e figli, 1830-1840.$g2$w()30340 850 $aSeMil 852 $aSeMil$W1$xVenegono$y1$m2Y III 44 FA$j182401$B182401$CSeMilBibl$Z2$F193423 $8I 996 $6245$aDissertazioni. Vol. 2$9(OLS)http://semarc/title/331147 LEADER 01263nam a2200265 i 4500 001 000000188680 003 CaOOAMICUS 005 20100419000000.0 008 100419s1992 it u000 u ita u 013 $a166895 020 $a88-399-0958-3 040 $aSeMil$bita 100 1 $aSebastiani, Lilia,$d<1955- >.$0(OLS)http://semarc/name/22432 245 10$aTra-Sfigurazione :$bil personaggio evangelico di Maria di Magdala e il mito della peccatrice redenta nella tradizione occidentale /$cLilia Sebastiani. 260 $aBrescia :$bQueriniana,$c1992. 300 $a301 p. ;$c21 cm. 490 0 $aNuovi saggi Queriniana ;$v58 500 $aContiene : Indicazioni bibliografiche. 600 04$aMaria Maddalena .$0(OLS)http://semarc/subject/5268 830 0$aNuovi saggi Queriniana ;$v58.$0(OLS)http://semarc/title/10209 850 $aSeMil 852 $aSeMil$W1$xVenegono$y1$m3H II 316$j139317$B139317$CSeMilBibl$Z2$F150929 $81 996 $6020$a88-399-0958-3$9(OLS)http://semarc/number/179303 996 $6245$aTra-Sfigurazione :$bil personaggio evangelico di Maria di Magdala e il mito della peccatrice redenta nella tradizione occidentale$9(OLS)http://semarc/title/409159 996 $6260$aBrescia :$bQueriniana$9(OLS)http://semarc/publisher/29615